| 000 | 00946nam a22003017a 4500 | ||
|---|---|---|---|
| 003 | CHAP | ||
| 005 | 20220329135008.0 | ||
| 008 | 971013s1984 r 00010 d | ||
| 010 | _a29220 | ||
| 011 | _a30192 | ||
| 035 | _a34304 | ||
| 040 | _cCHAP | ||
| 082 |
_a581.5 _bK6 |
||
| 100 | 0 | 0 |
_aKoziot, M. J. _963829 |
| 245 | _aGaseous air pollutants and plant metabolism | ||
| 260 |
_aLondon : _bButterworths, _c1984 |
||
| 300 |
_a466 p. _b: ilus. ; gráfs. |
||
| 590 |
_aBATCH-UPD _b10 _c20130110 _lUCH01 _h0306 |
||
| 590 |
_aBATCH-UPD _b10 _c20130110 _lUCH01 _h2039 |
||
| 590 |
_aBATCH-UPD _b10 _c20130410 _lUCH01 _h1500 |
||
| 590 |
_aCONVERSION _b10 _c20130109 _lUCH01 _h1317 |
||
| 650 | 1 | 4 |
_aAire _xContaminacion _xEfecto en plantas. _93144 |
| 650 | 1 | 4 |
_aPlantas _xMetabolismo. _988858 |
| 700 | 0 |
_aWhatley, F. R. _9121620 |
|
| 901 | _aBK | ||
| 942 | _cLIBRO | ||
| 949 |
_a581.5 K6 _bBC _cLIBRO _d33724000545539 _eLIBRO _gI. 125459 _h64788 _i34304 _si _t19.46 |
||
| 999 |
_c29220 _d29220 |
||